[Event "Torch Real Estate Cup"]
[Site "Xiapu CHN"]
[Date "2005.06.21"]
[Round "14"]
[White "Lin Weiguo"]
[Black "Lin Chen"]
[Result "0-1"]
[WhiteElo "2448"]
[BlackElo "2332"]

1.d4 Nf6 2.c4 g6 3.g3 Bg7 4.Bg2 d6 5.Nf3 O-O 6.O-O Nc6 7.Nc3 a6 8.Bg5 h6
9.Be3 Rb8 10.h3 Na5 11.Nd2 b5 12.cxb5 axb5 13.b4 Nc4 14.Nxc4 bxc4 15.b5 Bd7
16.a4 d5 17.Qd2 Kh7 18.Rfb1 Bf5 19.Rb2 g5 20.a5 Qd7 21.Kh2 Ne4 22.Nxe4 Bxe4
23.Bxe4+ dxe4 24.Rb4 Rxb5 25.Rxc4 c5 26.Rd1 cxd4 27.Bxd4 Rd5 28.Qc2 e5 29.Rc7 Qd8
30.Bc5 Rxd1 31.Bxf8 Bxf8 32.Rxf7+ Kg8 33.Rf5 Bg7 34.a6 Qd5 35.Qc8+ Kh7 36.Qb7 Kg6
37.Qe7 e3  0-1

[Event "19th Open Pula"]
[Site "Pula CRO"]
[Date "2005.06.22"]
[Round "5"]
[White "Kolesar,Mil"]
[Black "Ljubicic,F"]
[Result "0-1"]
[WhiteElo "2233"]
[BlackElo "2407"]

1.Nf3 Nf6 2.c4 g6 3.g3 Bg7 4.Bg2 d6 5.d4 O-O 6.O-O c6 7.Nc3 Bg4 8.b3 Nbd7
9.Bb2 Re8 10.h3 Bxf3 11.Bxf3 e5 12.dxe5 dxe5 13.Ne4 Nxe4 14.Bxe4 Nc5 15.Bg2 Qe7
16.Qc2 Ne6 17.e3 a5 18.Rfd1 a4 19.Bc3 h5 20.b4 h4 21.g4 Ng5 22.a3 Qe6 23.Bb2 Red8
24.Qc3 f6 25.f3 Rd7 26.Rd3 Rad8 27.Rad1 f5 28.e4 fxe4 29.fxe4 Rxd3 30.Rxd3 Rd4
31.c5 Nxe4 32.Qc2 Rxd3 33.Qxd3 Ng3 34.Qd8+ Kf7 35.Qxh4 Ne2+ 36.Kh2 Nf4 37.Qf2 Kg8
38.Be4 Qb3 39.Bc1 Qxh3+ 40.Kg1 Qxg4+ 41.Kh2 Qh5+  0-1

[Event "White Nights"]
[Site "St Petersburg RUS"]
[Date "2005.06.22"]
[Round "5"]
[White "Novikov,MiV"]
[Black "Orlov,Va"]
[Result "1/2-1/2"]
[WhiteElo "2370"]
[BlackElo "2430"]

1.d4 Nf6 2.Nf3 g6 3.c4 Bg7 4.g3 O-O 5.Bg2 d6 6.Nc3 Nc6 7.O-O a6 8.d5 Na5
9.b3 c5 10.Bb2 Rb8 11.Nd2 b5 12.Qc2 bxc4 13.bxc4 Bh6 14.f4 e5 15.Rae1 exf4
16.gxf4 Nh5 17.e3  1/2-1/2

[Event "19th Open Pula"]
[Site "Pula CRO"]
[Date "2005.06.24"]
[Round "7"]
[White "Kveinys,A"]
[Black "Rukavina,J"]
[Result "1-0"]
[WhiteElo "2539"]
[BlackElo "2426"]

1.Nf3 g6 2.d4 Bg7 3.c4 d6 4.g3 Nf6 5.Bg2 O-O 6.Nc3 c6 7.O-O Qa5 8.e4 Qh5
9.e5 dxe5 10.Nxe5 Qxd1 11.Rxd1 Ng4 12.Nf3 Nh6 13.h3 Rd8 14.Bf4 Nf5 15.d5 Bd7
16.dxc6 Nxc6 17.Bc7 Nfd4 18.Bxd8 Rxd8 19.Nb5 Ne6 20.Rd2 a6 21.Nc3 Kf8 22.Rad1 Ke8
23.Nd5 Na5 24.Nb6 Bc6 25.Rxd8+ Nxd8 26.b4 Bxf3 27.Bxf3 Nac6 28.Bxc6+ Nxc6
29.Rd7  1-0

[Event "6th Kurass Memorial"]
[Site "Kiev UKR"]
[Date "2005.06.25"]
[Round "5"]
[White "Ivchenko,A"]
[Black "Tereschenko,A"]
[Result "1-0"]
[WhiteElo "2165"]
[BlackElo "1877"]

1.d4 Nf6 2.c4 g6 3.Nf3 Bg7 4.g3 O-O 5.Bg2 d6 6.O-O c5 7.Nc3 Nc6 8.e4 e5 9.dxe5 dxe5
10.Bg5 Qxd1 11.Raxd1 Bg4 12.Rd6 Ne8 13.Rd3 h6 14.Bc1 Nd4 15.Nd5 Bxf3 16.Bxf3 Nd6
17.b3 f5 18.Nc3 a6 19.Bg2 Rab8 20.f4 b5 21.cxb5 axb5 22.fxe5 fxe4 23.Rdd1 Rxf1+
24.Rxf1 Bxe5 25.Bxe4 b4 26.Bd5+ Kg7 27.Na4 Ne2+ 28.Kg2 Nc3 29.Bb2 Nf5 30.Re1 Bd4
31.Bxc3 bxc3 32.Kf3 c2 33.Rc1 Be3 34.Rxc2 Nd4+ 35.Kxe3 Nxc2+ 36.Kd3 Rd8 37.Nc3 Nb4+
38.Kc4 Nxd5 39.Nxd5 Rc8 40.Nb6 Rc7 41.Na4 g5 42.Nxc5 h5 43.Kd5 Kf6 44.b4 h4
45.b5 Ke7 46.b6 Rc8 47.b7 Rb8 48.Kc6 Rd8 49.a4  1-0

[Event "2nd RUS Pupils Summer Boys"]
[Site "Satka RUS"]
[Date "2005.06.27"]
[Round "1"]
[White "Nozdrin,A"]
[Black "Klimov,A"]
[Result "0-1"]
[WhiteElo "2187"]
[BlackElo "2319"]

1.d4 Nf6 2.c4 g6 3.Nf3 Bg7 4.g3 O-O 5.Bg2 d6 6.Nc3 c6 7.O-O Qb6 8.e4 Bg4
9.h3 Bxf3 10.Bxf3 Nfd7 11.d5 Na6 12.Qb3 Nac5 13.Qa3 a5 14.Na4 Qb4 15.Nxc5 Nxc5
16.Qxb4 axb4 17.a3 Ra4 18.e5 Bxe5 19.dxc6 bxa3 20.Rxa3 bxc6 21.Rxa4 Nxa4
22.b3 Nc5 23.b4 Nd3 24.Bd2 Rb8 25.Rb1 Bd4 26.Bxc6 Bxf2+ 27.Kg2 Bd4 28.Be4 Ne5
29.Rc1 Rc8 30.c5 dxc5 31.Bf4 Nd7 32.Bb7 Rf8 33.Bc6 Nb8 34.Bxb8 Rxb8 35.bxc5 Rc8
36.Bb7 Rxc5 37.Rxc5 Bxc5 38.g4 Kg7 39.Kf3 Kf6 40.Bd5 e6 41.Bc6 Kg5 42.Bb5 f5
43.Bd7 e5 44.gxf5 gxf5 45.h4+ Kf6 46.Ke2 e4 47.Be8 Ke5 48.h5 f4 49.Ba4 f3+
50.Kf1 e3 51.Bb5 Bb4 52.Bd3 h6 53.Bb5 Kf4 54.Bd3 Kg5  0-1

[Event "4th Open"]
[Site "La Fere FRA"]
[Date "2005.07.06"]
[Round "6"]
[White "Ruest,O"]
[Black "Zimmerman,Y"]
[Result "0-1"]
[WhiteElo "2090"]
[BlackElo "2375"]

1.d4 d6 2.Nf3 g6 3.c4 Bg7 4.g3 Nf6 5.Bg2 O-O 6.O-O Nc6 7.d5 Na5 8.Nfd2 c5
9.Nc3 a6 10.Rb1 Rb8 11.b3 b5 12.Bb2 Qc7 13.Ba1 Bd7 14.h3 e5 15.f4 Nh5 16.Qe1 exf4
17.gxf4 bxc4 18.Nxc4 Nxc4 19.bxc4 Bd4+ 20.Kh2 f5 21.Rxb8 Qxb8 22.Qd2 Qe8
23.Rf3 Qe7 24.e3 Bg7 25.Qb2 Qd8 26.Qb1 Qa5 27.Ne2 Bxa1 28.Qxa1 Qa4 29.Qc3 Qxa2
30.Ng3 Nxg3 31.Rxg3 Kf7 32.h4 h5 33.Qd3 Rb8 34.e4 fxe4 35.Qxe4 Bf5 36.Qe1 Re8
37.Qc1 Qf2 38.Qa3 Re2  0-1

[Event "Open A"]
[Site "Klatovy CZE"]
[Date "2005.07.07"]
[Round "6"]
[White "Vedral,O"]
[Black "Volak,M"]
[Result "0-1"]
[WhiteElo "2252"]
[BlackElo "2175"]

1.d4 Nf6 2.Nf3 g6 3.c4 Bg7 4.g3 O-O 5.Bg2 d6 6.O-O c6 7.Nc3 Qc7 8.h3 e5 9.e4 Re8
10.d5 a6 11.Bd2 b5 12.cxb5 cxb5 13.Qe2 b4 14.Na4 Bd7 15.Rfc1 Qa5 16.b3 Bxa4
17.bxa4 Qxa4 18.Qc4 Nbd7 19.Bxb4 Nxe4 20.Qxe4 a5 21.Ng5 axb4 22.Rab1 h6 23.Rxb4 Qa3
24.Rc7 Nf6 25.Qb1 hxg5 26.Rbb7 Rf8 27.Be4 Qxa2 28.Qe1 Rac8 29.Bb1 Qa3 30.Ra7 Qb2
31.Rab7 Qd4 32.Re7 Nxd5 33.Red7 Nb6  0-1

[Event "DMP 1st League"]
[Site "Koszalin POL"]
[Date "2005.07.07"]
[Round "4"]
[White "Bajerlein,D"]
[Black "Skurski,J"]
[Result "0-1"]
[WhiteElo "1893"]
[BlackElo "2313"]

1.d4 Nf6 2.c4 g6 3.Nf3 Bg7 4.g3 O-O 5.Bg2 d6 6.O-O Nbd7 7.Nc3 e5 8.dxe5 dxe5
9.Qc2 c6 10.Rd1 Qe7 11.e4 Ne8 12.a3 Nc7 13.b4 Ne6 14.Bb2 f5 15.c5 f4 16.Qb3 Kh8
17.Nb1 Nd8 18.Nbd2 b6 19.cxb6 Nxb6 20.Rac1 g5 21.Ne1 Be6 22.Qc2 Rc8 23.Nd3 Nf7
24.Nc5 g4 25.Nxe6 Qxe6 26.Nb3 Ng5 27.Nc5 Qh6 28.gxf4 Rxf4 29.Nd3 Rff8 30.Bxe5 Bxe5
31.Nxe5 Nf3+ 32.Nxf3 gxf3 33.Qc3+ Rf6 34.Bxf3 Rg8+ 35.Bg2 Qg7 36.Qh3 Rg6
37.Kh1 Rxg2 38.f4 Rg4 39.Rf1 Nd7 40.Qf3 Nf6 41.Qe3 Rxf4 42.Qg3 Rg4 43.Qf3 Nxe4
44.h3 Rg3 45.Qf5 Nf2+  0-1

[Event "4th Open"]
[Site "La Fere FRA"]
[Date "2005.07.08"]
[Round "9"]
[White "Vijayalakshmi,S"]
[Black "Laval,B"]
[Result "1-0"]
[WhiteElo "2414"]
[BlackElo "2178"]

1.d4 Nf6 2.c4 g6 3.Nf3 Bg7 4.g3 O-O 5.Bg2 d6 6.O-O Nbd7 7.Nc3 e5 8.e4 a6
9.Re1 exd4 10.Nxd4 Ne5 11.b3 c5 12.Nc2 Rb8 13.h3 Ne8 14.Bb2 b5 15.cxb5 axb5
16.f4 Nd7 17.Rb1 Qa5 18.b4 cxb4 19.Nd5 Qxa2 20.Bxg7 Nxg7 21.Ncxb4 Qa7+ 22.Kh2 Qa4
23.Ne7+ Kh8 24.Qxd6 Rb6 25.Qd4 Rb7 26.Qc3 Qa5 27.Nec6 Qb6 28.Rec1 Nb8 29.Nd4 Be6
30.f5 Bc4 31.e5 Rd7 32.Nbc2 Qc7 33.f6 Ne6 34.Nxe6 Bxe6 35.Qe3 Qc4 36.Ne1 Qd4
37.Qh6 Rg8 38.Nf3  1-0

[Event "DMP 1st League"]
[Site "Koszalin POL"]
[Date "2005.07.11"]
[Round "8"]
[White "Bobula,M"]
[Black "Zapolski,K"]
[Result "0-1"]
[WhiteElo "2164"]
[BlackElo "2180"]

1.d4 Nf6 2.c4 g6 3.Nf3 Bg7 4.g3 O-O 5.Bg2 d6 6.O-O c5 7.d5 e6 8.dxe6 Bxe6
9.Ng5 Nc6 10.Nxe6 fxe6 11.Nc3 Qe7 12.Bf4 Rad8 13.Qb3 Ng4 14.Rad1 Bd4 15.Ne4 d5
16.cxd5 exd5 17.Bg5 c4 18.Bxe7 cxb3 19.Bxf8 Rxf8 20.e3 dxe4 21.exd4 bxa2
22.Bxe4 Nb4 23.Bd3 Nxd3 24.Rxd3 Rxf2 25.Ra3 Rxb2 26.h3 Nh2 27.Rf2 Rb1+ 28.Kxh2 a1=Q
29.Rxa1 Rxa1 30.d5 Ra6 31.Rc2 b5 32.Kg2 b4 33.Rc8+ Kg7 34.Rc7+ Kf6 35.Rb7 Rb6
36.Rxa7 b3 37.Ra1 b2 38.Rb1 Ke5  0-1

[Event "Open"]
[Site "Condom FRA"]
[Date "2005.07.12"]
[Round "5"]
[White "David,Vi"]
[Black "Sanchez,N"]
[Result "1-0"]
[WhiteElo "2277"]
[BlackElo "2149"]

1.d4 Nf6 2.c4 g6 3.Nf3 Bg7 4.g3 O-O 5.Bg2 d6 6.O-O Nc6 7.d5 Na5 8.Nbd2 c5
9.Ne1 a6 10.Rb1 b5 11.cxb5 axb5 12.b4 cxb4 13.Nc2 Nc4 14.Nxb4 Bf5 15.Nc6 Qd7
16.Rxb5 Nxd2 17.Qxd2 Be4 18.Rb4 Bxg2 19.Kxg2 e6 20.e4 exd5 21.exd5 Rfe8 22.a3 Ne4
23.Qf4 Nc3 24.Qf3 Na2 25.Rb3 Nxc1 26.Rxc1 f5 27.Rcb1 Qf7 28.Rb7 Qf6 29.Rd7 g5
30.Rbb7 Bf8 31.Qh5 Qg6 32.Rxh7  1-0

[Event "DMP 1st League"]
[Site "Koszalin POL"]
[Date "2005.07.12"]
[Round "10"]
[White "Bobula,M"]
[Black "Dubinski,M"]
[Result "1-0"]
[WhiteElo "2164"]
[BlackElo "2067"]

1.d4 Nf6 2.c4 g6 3.Nf3 Bg7 4.g3 O-O 5.Bg2 d6 6.O-O Nc6 7.Nc3 e5 8.d5 Ne7
9.e4 Nd7 10.Ne1 Kh8 11.Nd3 f5 12.Bg5 h6 13.Bd2 Nf6 14.f4 exf4 15.Nxf4 fxe4
16.Nxe4 Bg4 17.Qb3 Qd7 18.Rae1 c6 19.Nxf6 Rxf6 20.Bc3 Rxf4 21.Bxg7+ Kxg7
22.Rxf4 cxd5 23.Qc3+ Kg8 24.Qf6 Re8 25.Bxd5+  1-0

[Event "57th ch-Montenegro"]
[Site "Cetinje SCG"]
[Date "2005.07.13"]
[Round "6"]
[White "Blagojevic,D"]
[Black "Popadic,Dr"]
[Result "1-0"]
[WhiteElo "2551"]
[BlackElo "2281"]

1.d4 Nf6 2.c4 g6 3.Nf3 Bg7 4.g3 d6 5.Bg2 O-O 6.O-O Nc6 7.Nc3 Bd7 8.h3 a6
9.e4 e5 10.dxe5 dxe5 11.Be3 Qc8 12.Kh2 Be6 13.Qa4 h6 14.c5 g5 15.Nd2 Nd7
16.Nd5 Re8 17.Rac1 Nf8 18.Nc4 Bd7 19.Qd1 Ng6 20.Ndb6 cxb6 21.Nxb6 Qc7 22.Qxd7 Qxd7
23.Nxd7 Rad8 24.Rfd1 Nd4 25.Nb6 Ne7 26.Bf1 Nec6 27.Bc4 Bf8 28.Bd5 Re7 29.Kg2 Rc7
30.a3 Bg7 31.Rc3 Re8 32.Rcd3 Kf8 33.Nc4 Ne6 34.Nd6 Rb8 35.b4 Ncd4 36.Nc4 Ke7
37.R1d2 Bf6 38.Bxe6 fxe6 39.Bxd4 exd4 40.e5 Bg7 41.Rxd4 Rf8 42.f4 gxf4 43.gxf4 h5
44.Nb6 Bh6 45.Rd7+ Rxd7 46.Rxd7+ Ke8 47.Rxb7 Bxf4 48.Rb8+ Ke7 49.Rxf8 Kxf8
50.c6 Bxe5 51.Nd7+ Ke7 52.Nxe5 Kd6 53.a4  1-0

[Event "Open A"]
[Site "Chojnice POL"]
[Date "2005.07.19"]
[Round "5"]
[White "Michalska,M"]
[Black "Bugajski,R"]
[Result "1-0"]
[WhiteElo "2076"]
[BlackElo "2218"]

1.Nf3 Nf6 2.g3 g6 3.Bg2 Bg7 4.d4 O-O 5.c4 d6 6.Nc3 Nc6 7.O-O Rb8 8.e4 Bg4
9.h3 Bxf3 10.Bxf3 Nd7 11.Be3 e5 12.dxe5 Ndxe5 13.Be2 Re8 14.Rc1 b6 15.Qd2 Na5
16.b3 Nb7 17.f4 Nd7 18.Bd4 Nf6 19.Bf3 Nc5 20.Rce1 a5 21.Re2 Ne6 22.Bf2 Nd7
23.Rfe1 Nec5 24.Bd4 f6 25.Bg4 c6 26.Bf2 Qc7 27.Rd1 Rbd8 28.Qxd6 Qxd6 29.Rxd6 f5
30.exf5 Bxc3 31.Rxe8+ Rxe8 32.fxg6 Nf6 33.gxh7+ Kxh7 34.Bf5+ Kg7 35.Rxc6 Nfe4
36.Rxb6 Nxf2 37.Rg6+ Kf7 38.Kxf2 Rd8 39.Rc6 Bb4 40.g4 Rd2+ 41.Kf3 Rxa2 42.g5 Nxb3
43.g6+ Kg8 44.Rc8+ Bf8 45.Ke4 Re2+ 46.Kd5 Rd2+ 47.Ke5 Nc5 48.h4 Nd7+ 49.Bxd7 Rxd7
50.h5 Kg7 51.h6+ Kxg6 52.Rxf8  1-0

[Event "Politiken Cup"]
[Site "Copenhagen DEN"]
[Date "2005.07.19"]
[Round "5"]
[White "Skjoldan,B"]
[Black "Wiecker,S"]
[Result "1-0"]
[WhiteElo "2147"]
[BlackElo "1985"]

1.d4 Nf6 2.c4 g6 3.g3 Bg7 4.Bg2 O-O 5.Nf3 d6 6.O-O Nc6 7.Nc3 e5 8.dxe5 Nxe5
9.Nxe5 dxe5 10.Qxd8 Rxd8 11.Bg5 Rd4 12.Rfd1 c6 13.Be3 Rxd1+ 14.Rxd1 Be6 15.b3 Bf8
16.Na4 Nd7 17.h4 f6 18.Kh2 Kf7 19.Nc3 a5 20.Na4 Bg4 21.Bh3 Bxh3 22.Kxh3 Ke6
23.Rxd7  1-0

[Event "Iranian Super League"]
[Site "Iran IRI"]
[Date "2005.07.21"]
[Round "6"]
[White "Akbarinia,S"]
[Black "Madani,K"]
[Result "1/2-1/2"]
[WhiteElo "2249"]
[BlackElo "2288"]

1.d4 Nf6 2.Nf3 g6 3.c4 Bg7 4.g3 d6 5.Bg2 O-O 6.O-O Nbd7 7.Nc3 e5 8.e4 h6
9.h3 Nh7 10.dxe5 dxe5 11.Qc2 c6 12.b3 Qe7 13.a3 a5 14.Rb1 Nc5 15.b4 axb4
16.axb4 Ne6 17.c5 Nhg5 18.Ne2 Nxf3+ 19.Bxf3 Ng5 20.Bxg5 hxg5 21.Bg2 Rd8 22.Rbd1 Be6  1/2-1/2

[Event "MTO Open"]
[Site "Biel SUI"]
[Date "2005.07.22"]
[Round "5"]
[White "Roiz,M"]
[Black "Pavlovic,Mi"]
[Result "1/2-1/2"]
[WhiteElo "2593"]
[BlackElo "2471"]

1.d4 Nf6 2.Nf3 g6 3.c4 Bg7 4.g3 O-O 5.Bg2 d6 6.O-O Nbd7 7.Qc2 e5 8.Nc3 c6
9.Rd1 Qe7 10.b3 Re8 11.e3 Nf8 12.e4 Bg4 13.d5 cxd5 14.Nxd5 Nxd5 15.Rxd5 Ne6
16.Ba3 Rad8 17.Qd2 Nc5 18.Qe3 b6 19.h3 Bc8 20.Rd2  1/2-1/2

[Event "Open A"]
[Site "Pardubice CZE"]
[Date "2005.07.22"]
[Round "1"]
[White "Bernasek,J"]
[Black "Bronnikova,E"]
[Result "0-1"]
[WhiteElo "2458"]
[BlackElo "2268"]

1.d4 Nf6 2.c4 g6 3.Nf3 Bg7 4.g3 d6 5.Bg2 O-O 6.O-O c6 7.Nc3 Nbd7 8.e4 e5
9.h3 a6 10.Be3 b5 11.c5 b4 12.Na4 d5 13.Nxe5 Nxe5 14.dxe5 Nxe4 15.Nb6 Rb8
16.Qa4 Qc7 17.Bd4 Be6 18.Qxb4 Bxe5 19.Rac1 f5 20.Rfe1 Rbe8 21.Na4 a5 22.Bxe5 Qxe5
23.Qa3 Qd4 24.Re2 f4 25.gxf4 Rxf4 26.Qe3 Qf6 27.Nc3 Ng5 28.Qe5 Rxf2 29.Qxf6 Rxf6
30.Re3 Ref8 31.Ne2 Bf5 32.h4 Ne6 33.Rf3 Rb8 34.b3 Rb5 35.Bh3 Kg7 36.Bxf5 Rxf5
37.Re3 Kf6 38.Re1 Nxc5 39.Nd4 Ne4 40.Nxb5 cxb5 41.Rc1 Ke5 42.Rc7 Kf4 43.Rd3 Rh5
44.Rf7+ Ke5 45.Ra7 Rxh4 46.Rxa5 Rg4+ 47.Kf1 Nd6 48.Ra7 h5 49.a4 bxa4 50.bxa4 Ke4
51.Ra3 Nc4 52.Re7+ Kd4 53.Ra1 h4 54.Rd1+ Kc5 55.Kf2 g5 56.Rc7+ Kd6 57.Rc8 Nb6
58.Rd8+ Kc7 59.Rh8 Rxa4 60.Rg1 Rf4+ 61.Ke3 Nc4+ 62.Kd3 Ne5+ 63.Kc3 d4+ 64.Kb4 Nf3
65.Ra1 Rf6 66.Kc5 Rf5+ 67.Kc4 Kd6 68.Re8 Rc5+ 69.Kd3 Kd5 70.Ra7 Ne5+ 71.Kd2 h3
72.Rae7 Ke4 73.Rg8 Kf4 74.Rf8+ Kg3 75.Rfe8 Nf3+ 76.Kd3 h2 77.Rh7 Rc3+ 78.Ke2 d3+
79.Ke3 d2+ 80.Ke2 Rc1  0-1

[Event "Open A"]
[Site "Pardubice CZE"]
[Date "2005.07.23"]
[Round "2"]
[White "Mlynek,P"]
[Black "Zeman,Ar"]
[Result "1/2-1/2"]
[WhiteElo "2254"]
[BlackElo "2091"]

1.d4 g6 2.g3 Bg7 3.Bg2 Nf6 4.c4 O-O 5.Nf3 d6 6.Nc3 Nbd7 7.O-O c5 8.e4 cxd4
9.Nxd4 Ne5 10.b3 Bd7 11.h3 Rc8 12.Be3 a6 13.Rc1 Nc6 14.Qd2 Re8 15.Rfe1 Qa5
16.Nde2 b5 17.cxb5 axb5 18.Nf4 Ne5 19.Ncd5 Qxd2 20.Bxd2 Nxd5 21.Nxd5 Rxc1
22.Rxc1 Bxh3 23.Bxh3 Nf3+ 24.Kg2 Nxd2 25.f3 e6  1/2-1/2

[Event "Open A"]
[Site "Pardubice CZE"]
[Date "2005.07.26"]
[Round "5"]
[White "Radovic,S"]
[Black "Belostozkaja,J"]
[Result "1-0"]
[WhiteElo "2224"]
[BlackElo "2106"]

1.d4 Nf6 2.c4 g6 3.Nf3 Bg7 4.g3 d6 5.Bg2 O-O 6.O-O Nc6 7.Nc3 e5 8.d5 Ne7
9.a3 c5 10.dxc6 bxc6 11.e4 Qc7 12.Re1 a5 13.Bd2 Ba6 14.Bf1 Bb7 15.Rc1 Nd7
16.b4 axb4 17.axb4 h6 18.b5 Nc5 19.Be3 Rfd8 20.bxc6 Qxc6 21.Nd5 Kf8 22.Nd2 Rdb8
23.Qc2 Bc8 24.Rb1 Qa4 25.Qxa4 Nxa4 26.Nc7 Nc3 27.Nxa8 Nxb1 28.Rxb1 Rxa8 29.Rb6 Ra6
30.c5 Rxb6 31.cxb6 Nc6 32.Bb5 Na5 33.Nc4 Nb7 34.Ba6 Ke7 35.Na5 Nxa5 36.Bxc8 Kd8
37.b7 Nc6 38.Bb6+ Ke7 39.Bc7  1-0

[Event "Open A"]
[Site "Pardubice CZE"]
[Date "2005.07.26"]
[Round "5"]
[White "Jurek,J"]
[Black "Priborsky,I"]
[Result "1/2-1/2"]
[WhiteElo "2381"]
[BlackElo "2240"]

1.Nf3 Nf6 2.c4 d6 3.d4 g6 4.g3 Bg7 5.Bg2 O-O 6.Nc3 c6 7.O-O Qa5 8.h3 Be6
9.d5 cxd5 10.Nd4 Bd7 11.Nb3 Qc7 12.cxd5 Na6 13.e4 Rfc8 14.Bg5 Be8 15.e5 dxe5
16.d6 exd6 17.Bxf6 Bxf6 18.Nd5 Qd8 19.Nxf6+ Qxf6 20.Bxb7 Nb4 21.Na5 Bb5 22.Qg4 Bxf1
23.Rxf1 Rab8 24.Bxc8 Qd8 25.a3 Qxa5 26.axb4 Rxb4 27.Qe2 Qa2 28.Qd2  1/2-1/2

[Event "Open Dutch Championship"]
[Site "Dieren NED"]
[Date "2005.08.03"]
[Round "8"]
[White "Purnama,T"]
[Black "Van Kerkhof,D"]
[Result "0-1"]
[WhiteElo "2337"]
[BlackElo "2170"]

1.d4 Nf6 2.c4 g6 3.Nf3 Bg7 4.g3 O-O 5.Bg2 d6 6.O-O c6 7.Nc3 Nbd7 8.e4 e5
9.h3 Re8 10.Re1 Qb6 11.b3 exd4 12.Na4 Qa5 13.Nxd4 Nc5 14.Bd2 Qc7 15.Nxc5 dxc5
16.Nc2 Nd7 17.Rb1 Nf8 18.f4 b6 19.Qf3 Bb7 20.Be3 Rad8 21.Red1 Qe7 22.g4 g5
23.fxg5 Ng6 24.Qf2 Rd6 25.Rxd6 Qxd6 26.Rf1 Qc7 27.h4 Bc8 28.Bh3 Rxe4 29.h5 Ne5
30.Qg2 Nxg4 31.Bc1 Qe5 32.Rd1 Re2 33.Rd8+ Bf8 34.Rxc8 Rxg2+ 35.Bxg2 Qf5 36.Rd8 Qxc2
37.Bf4 Qf5 38.Bd6 Qf2+  0-1

[Event "Petrovskaya Ladya IM"]
[Site "Peterhof RUS"]
[Date "2005.08.06"]
[Round "8"]
[White "Kostiuk,T"]
[Black "Nikolaev,Niki"]
[Result "0-1"]
[WhiteElo "2281"]
[BlackElo "2356"]

1.d4 Nf6 2.Nf3 g6 3.g3 Bg7 4.Bg2 O-O 5.c4 d6 6.Nc3 Nc6 7.O-O a6 8.Re1 Rb8
9.Rb1 Bf5 10.e4 Bg4 11.Be3 Nd7 12.Ne2 Na5 13.b3 c5 14.h3 Bxf3 15.Bxf3 cxd4
16.Nxd4 Nc6 17.Bg2 Nxd4 18.Bxd4 Bxd4 19.Qxd4 Qa5 20.Re2 Rfc8 21.f4 b5 22.cxb5 Qxb5
23.Rd2 Rc4 24.Qe3 Rbc8 25.Bf1 Rc1 26.Rd1 Rxb1 27.Rxb1 Qa5 28.Rc1 Rxc1 29.Qxc1 Nc5
30.Bg2 Qxa2 31.b4 Ne6 32.Qc8+ Kg7 33.Qc3+ f6 34.e5 dxe5 35.fxe5 f5 36.Bf1 Qb1
37.Kf2 f4 38.gxf4 Nxf4 39.Qd2 Qe4 40.Qc3 Nd5 41.Qc5 Qf4+ 42.Kg1 Ne3 43.Qxe7+ Kh6
44.Bg2 Nxg2 45.Kxg2 Qg5+  0-1

[Event "92nd ch-GBR"]
[Site "Douglas IOM"]
[Date "2005.08.10"]
[Round "9"]
[White "Nixon,T"]
[Black "Mason,D"]
[Result "1/2-1/2"]
[WhiteElo "2195"]
[BlackElo "2265"]

1.d4 Nf6 2.c4 g6 3.g3 Bg7 4.Bg2 O-O 5.Nf3 d6 6.O-O Nc6 7.d5 Na5 8.Nfd2 c5
9.Nc3 e5 10.Rb1 b6 11.b4 cxb4 12.Rxb4 Nd7 13.Nb5 Nc5 14.Rb1 f5 15.Bb2 f4
16.Bc3 Nab7 17.e4 h5 18.Bf3 Bh3 19.Bg2 Bd7 20.Bf3 Bh3 21.Bg2 Bxg2 22.Kxg2 f3+
23.Nxf3 a6 24.Na3 Nxe4 25.Bd2 Nbc5 26.h4 Qd7 27.Ng5 Nxg5 28.Bxg5 Ne4 29.Qd3 Rxf2+
30.Rxf2 Qh3+ 31.Kxh3 Nxf2+ 32.Kg2 Nxd3 33.Rxb6 Rf8 34.Rxd6 Rf2+ 35.Kg1 Rxa2
36.Rxa6 e4 37.Be3 Ra1+ 38.Kg2 Ne1+ 39.Kf2 Nd3+ 40.Ke2 Bc3 41.Ra8+ Kf7 42.Ra7+ Ke8  1/2-1/2

[Event "TCh-ESP Premier North"]
[Site "Barcelona ESP"]
[Date "2005.08.11"]
[Round "1"]
[White "Rebole Arbea,I"]
[Black "Jerez Perez,A"]
[Result "0-1"]
[WhiteElo "2176"]
[BlackElo "2420"]

1.d4 Nf6 2.c4 g6 3.Nf3 Bg7 4.g3 O-O 5.Bg2 d6 6.Nc3 Nc6 7.O-O a6 8.h3 Rb8
9.e4 b5 10.cxb5 axb5 11.e5 dxe5 12.dxe5 Nd7 13.e6 fxe6 14.Ng5 Nd4 15.Be3 Nb6
16.Bxd4 Qxd4 17.Qe2 Qc4 18.Rfe1 b4 19.Nce4 h6 20.Nf3 Qxe2 21.Rxe2 Ba6 22.Rd2 Nc4
23.Rc2 Bxb2 24.Rd1 Bb5 25.Nc5 Rfd8 26.Rxd8+ Rxd8 27.Nxe6 Rd1+ 28.Kh2 Bc3
29.Nxc7 Na3 30.Nxb5 Nxc2 31.Nh4 Kg7 32.Be4 Rd2 33.Nf3 Rxf2+ 34.Kg1 Re2 35.Bd5 Ne3  0-1

[Event "FSIMB August"]
[Site "Budapest HUN"]
[Date "2005.08.13"]
[Round "8"]
[White "David,Vi"]
[Black "Balogh,E"]
[Result "1-0"]
[WhiteElo "2277"]
[BlackElo "2157"]

1.d4 Nf6 2.c4 g6 3.Nf3 Bg7 4.g3 O-O 5.Bg2 d6 6.O-O Nc6 7.Nc3 a6 8.h3 Na5
9.b3 c5 10.Re1 Rb8 11.a4 Qb6 12.Rb1 Nc6 13.d5 Ne8 14.Bb2 Nb4 15.e4 Qd8 16.Qd2 Bd7
17.e5 Bf5 18.Ne4 b5 19.axb5 axb5 20.Bc3 Nc7 21.exd6 exd6 22.Bxg7 Kxg7 23.Qc3+ f6
24.Nfd2 bxc4 25.bxc4 h5 26.Ra1 Rb7 27.g4 hxg4 28.hxg4 Bxe4 29.Nxe4 Kf7 30.g5 f5
31.Nxc5 dxc5 32.d6 Ne6 33.Bxb7 Qxg5+ 34.Qg3 Nc2 35.Qxg5 Nxg5 36.Re7+ Kf6
37.Ra8 Rxa8 38.Bxa8 Nd4 39.Re8 Kf7 40.d7 Nge6 41.Bd5  1-0

[Event "Masters"]
[Site "Abu Dhabi UAE"]
[Date "2005.08.17"]
[Round "4"]
[White "Moradiabadi,E"]
[Black "Muralidharan,M"]
[Result "1-0"]
[WhiteElo "2485"]
[BlackElo "2329"]

1.d4 Nf6 2.c4 g6 3.Nf3 Bg7 4.g3 O-O 5.Bg2 d6 6.O-O Nc6 7.Nc3 a6 8.b3 Rb8
9.e3 b5 10.Qe2 b4 11.Nd5 Nxd5 12.cxd5 Na7 13.Bb2 Bd7 14.Rfc1 Bb5 15.Qd2 c6
16.Qxb4 cxd5 17.Ne1 a5 18.Qd2 e6 19.Bc3 Nc6 20.Nc2 Qb6 21.Rcb1 Rfc8 22.a4 Ba6
23.b4 axb4 24.Nxb4 Nxb4 25.Rxb4 Qc6 26.Rxb8 Rxb8 27.a5 Bf6 28.Bf1 Bd8 29.Bxa6 Qxa6
30.Qd1 Rb5 31.Qf1 Bc7 32.Be1  1-0

[Event "Independence Cup A"]
[Site "Kiev UKR"]
[Date "2005.08.17"]
[Round "6"]
[White "Baryshpolets,A"]
[Black "Solomaha,A"]
[Result "0-1"]
[WhiteElo "2196"]
[BlackElo "2368"]

1.d4 Nf6 2.Nf3 g6 3.c4 Bg7 4.g3 d6 5.Bg2 O-O 6.O-O c5 7.d5 e5 8.Nc3 Ng4 9.e4 f5
10.Ng5 h6 11.Ne6 Bxe6 12.dxe6 Nc6 13.exf5 gxf5 14.Bxc6 bxc6 15.h3 Nf6 16.Qf3 Qe8
17.Rd1 Qxe6 18.Qxc6 Rad8 19.Nd5 Ne4 20.Ne3 Qg6 21.Nf1 f4 22.g4 Ng5 23.Kh2 e4
24.Qd5+ Kh8 25.Bd2 h5 26.Bc3 Bxc3 27.bxc3 hxg4 28.Nd2 Qh5 29.Rh1 Qh4 30.Raf1 g3+  0-1

[Event "8th Open"]
[Site "Banyoles ESP"]
[Date "2005.08.19"]
[Round "3"]
[White "Matnadze,A"]
[Black "Bromberger,S"]
[Result "1/2-1/2"]
[WhiteElo "2389"]
[BlackElo "2491"]

1.d4 Nf6 2.c4 g6 3.g3 Bg7 4.Bg2 O-O 5.Nf3 d6 6.O-O Nbd7 7.Nc3 e5 8.e3 Re8
9.a4 a5 10.b3 c6 11.Ba3 exd4 12.exd4 d5 13.cxd5 Nxd5 14.Nxd5 cxd5 15.Rc1 Ra6
16.Re1 Rxe1+ 17.Qxe1 Rc6 18.Rxc6 bxc6 19.Bc1 Nf8 20.b4 Ne6 21.bxa5 Nxd4 22.Bg5 Nxf3+
23.Bxf3 Qxg5 24.Qe8+ Bf8 25.Qxc8 Qf5 26.Qb8 Qxf3 27.a6 Qd1+ 28.Kg2 Qxa4 29.a7 Qe4+
30.Kg1 Qe1+ 31.Kg2 Qe4+  1/2-1/2

[Event "ch-AUT Qualifier"]
[Site "Gmunden AUT"]
[Date "2005.08.19"]
[Round "7"]
[White "Baumgartner,H"]
[Black "Knoll,H"]
[Result "1/2-1/2"]
[WhiteElo "2306"]
[BlackElo "2355"]

1.Nf3 g6 2.d4 Nf6 3.c4 Bg7 4.g3 O-O 5.Bg2 d6 6.O-O Nbd7 7.Nc3 e5 8.e4 c6
9.h3 Qb6 10.c5 dxc5 11.dxe5 Ne8 12.Bg5 Nc7 13.Na4 Qa5 14.Be7 Re8 15.Bd6 Ne6
16.b3 b5 17.Nb2 Qb6 18.Rc1 Bb7 19.Nd3 Rad8 20.Qc2 Bh6 21.Rcd1 Rc8 22.h4 c4
23.bxc4 c5 24.Rfe1 bxc4 25.Qxc4 Ba6 26.Qc2 Nd4 27.Nxd4 cxd4 28.Qb3 Qxb3 29.axb3 Rc3
30.Nb4 Bb7 31.Rxd4 Nxe5 32.f4 Nf3+ 33.Bxf3 Rxf3 34.Rd3 Rxd3 35.Nxd3 Rxe4
36.Rxe4 Bxe4 37.Nc5 Bc6 38.Kf2 Bg7 39.b4 Bd4+ 40.Ke2 Bb5+ 41.Kf3 f5 42.Be5 Bg1
43.Nb3 Bc4 44.Nd4 Kf7 45.Kg2 Be3 46.Kf3 Bd2 47.Bd6 Bc3 48.Bc5 a6 49.Kf2 Bb2
50.h5 Bc1 51.hxg6+ hxg6 52.Nf3 Bb5 53.Ne5+ Ke6 54.Nxg6 Ba3 55.Ne5 a5 56.Nf3 Kd5
57.Nd4 Bd3 58.Ke3 Kc4 59.Nc6 Bc1+ 60.Kf2 a4 61.Ne5+ Kc3 62.Nxd3 Kxd3 63.b5 a3
64.b6 a2 65.b7 a1=Q 66.b8=Q Qa2+ 67.Kg1 Be3+ 68.Bxe3 Kxe3 69.Qe5+ Kf3 70.Qc3+ Kg4
71.Kf1 Qh2 72.Qg7+ Kh3 73.Qh6+ Kxg3 74.Qxh2+ Kxh2 75.Kf2 Kh3 76.Kf3 Kh4 77.Kf2 Kg4
78.Kg2 Kxf4 79.Kf2  1/2-1/2

[Event "14th Open"]
[Site "Kavala GRE"]
[Date "2005.08.19"]
[Round "9"]
[White "Mateuta,G"]
[Black "Palekha,A"]
[Result "1/2-1/2"]
[WhiteElo "2465"]
[BlackElo "2345"]

1.c4 Nf6 2.d4 d6 3.Nf3 g6 4.g3 Bg7 5.Bg2 O-O 6.O-O c6 7.Nc3 Nbd7 8.Qc2 e5
9.Rd1 Qe7 10.b3 exd4 11.Nxd4 Nc5 12.Bf4 Ne8 13.Qd2 Ne6 14.Nxe6 Bxe6 15.Rac1 Be5
16.Bh6 Bg7 17.Bxg7 Kxg7 18.Qd4+ f6 19.Rd2 a6 20.Rcd1 Kg8 21.Ne4 Rd8 22.Qe3 Bf5
23.Nxd6 Qxe3 24.fxe3 Nxd6 25.Rxd6 Rxd6 26.Rxd6 Kf7 27.Kf2 Ke7 28.Rd2 Be6
29.e4 c5 30.a4 b5 31.axb5 axb5 32.Ra2  1/2-1/2